LEADER 01424nam0 2200397 450 001 000027083 005 20110913151351.0 100 $a20091221d1949----km-y0itay50------ba 101 1 $aita 102 $aIT 200 1 $aConfucio$fpresentato da Alfred Doeblin 210 $a[Milano]$c<> Mondadori$d1949 215 $a238 p.$d18 cm 225 2 $aBiblioteca moderna Mondadori$v114 300 $aTrad. aut. dall'inglese di Heinz Spiegel 300 $aIn testa al front. firma autografa: Sergio de Pilato, '950 300 $aL. 250 410 0$12001$aBiblioteca moderna Mondadori$v114 454 1$12001$aConfucius$91528683 600 1$aConfucio 676 $a181.112$v(21. ed.)$9Filosofia orientale. Filosofia confuciana 676 $a299.512$v(21. ed.)$9Confucianesimo 700 1$aDöblin,$bAlfred$f<1878-1957>$0757592 702 1$aSpiegel,$bHeinz 801 0$aIT$bUniversitŕ della Basilicata - B.I.A.$gRICA$2unimarc 912 $a000027083 996 $aConfucius$91528683 997 $aUNIBAS BAS $aLETTERE CAT $aTTM$b30$c20091221$lBAS01$h1031 CAT $aTTM$b30$c20100215$lBAS01$h1240 CAT $aTTM$b30$c20100215$lBAS01$h1538 CAT $aTTM$b30$c20100215$lBAS01$h1541 CAT $aATR$b20$c20110913$lBAS01$h1513 FMT Z30 -1$lBAS01$LBAS01$mBOOK$1BASA1$APolo Storico-Umanistico$2FDEP2$BFondo De Pilato Biscione$3FD/109314$6109314$5L109314$820091222$f52$FRari LEADER 01604nam 2200481 450 001 9910798335303321 005 20230807211831.0 010 $a80-210-8249-6 035 $a(CKB)3710000000727304 035 $a(SSID)ssj0001681715 035 $a(PQKBManifestationID)16507466 035 $a(PQKBTitleCode)TC0001681715 035 $a(PQKBWorkID)14996222 035 $a(PQKB)10419045 035 $a(MiAaPQ)EBC4887195 035 $a(Au-PeEL)EBL4887195 035 $a(CaPaEBR)ebr11402956 035 $a(OCoLC)993093823 035 $a(EXLCZ)993710000000727304 100 $a20170721h20152015 uy 0 101 0 $acze 135 $aurcnu|||||||| 181 $ctxt 182 $cc 183 $acr 200 10$aBoris N. Cicerin o ruskych dejina?ch (sta?tni? skola jako historiograficky a spolecensky fenome?n) /$fJosef Saur 210 1$aBrno, [Czech Republic] :$cFilozoficka? fakulta, Masarykova univerzita,$d2015. 210 4$d©2015 215 $a1 online resource (299 pages) 225 1 $aSpisy Filozoficke? fakulty Masarykovy univerzity,$x1211-3034 ;$v439 300 $aIncludes index. 311 $a80-210-8051-5 410 0$aSpisy Masarykovy univerzity v Brne?, Filozoficka? fakulta ;$v439. 607 $aRussia$xHistory$xStudy and teaching 676 $a016.947 700 $aSaur$b Josef$01542412 801 0$bMiAaPQ 801 1$bMiAaPQ 801 2$bMiAaPQ 906 $aBOOK 912 $a9910798335303321 996 $aBoris N. Cicerin o ruskych dejina?ch (sta?tni? skola jako historiograficky a spolecensky fenome?n)$93795162 997 $aUNINA LEADER 02964nam 2200481 450 001 9910822220103321 005 20230803221549.0 010 $a1-61547-218-5 035 $a(CKB)2550000001317370 035 $a(EBL)1712161 035 $a(MiAaPQ)EBC1712161 035 $a(Au-PeEL)EBL1712161 035 $a(CaPaEBR)ebr10884973 035 $a(CaONFJC)MIL619059 035 $a(OCoLC)881509805 035 $a(EXLCZ)992550000001317370 100 $a20140701h20142014 uy 0 101 0 $aeng 135 $aurcn#---||||| 181 $2rdacontent 182 $2rdamedia 183 $2rdacarrier 200 10$aDashboarding and reporting with Power Pivot and Excel $ehow to design and create a financial dashboard with Power Pivot - end to end /$fKasper de Jonge ; cover design, Jocelyn Collie ; indexing, Nellie J. Liwam 210 1$aUniontown, Ohio :$cHoly Macro! Books,$d2014. 210 4$d©2014 215 $a1 recurso en li?nea (193 páginas) $cilustraciones 311 $a1-61547-027-1 320 $aIncludes bibliographical references and indexes. 327 $aCover; Title page; Copyright page; Contents; Acknowledgments; Preface; 1- About This Book; 2- Introduction to Dashboards and Reports; 3- Collecting and Preparing the Data; 4- Building a Dashboard in Excel; 5- Building Interactive Reports with Excel and Power View; 6- Sharing Dashboards and Reports Within an Organization; Bibliography and Suggested Readings; Index of Tips; Index; More from Holy Macro! Books. 330 $aMicrosoft's revolutionary Power Pivot is a tool that allows users to create and transform data into reports and dashboards in new and much more powerful ways using the most-used analytical tool in the world: Excel. This book, written by a member of Microsoft's Power Pivot team, provides a practical step by step guide on creating a financial dashboard. The book covers in detail how to combine and shape the relevant data, build the dashboard in Excel, providing layout and design tips and tricks, prepare the model to work with fiscal dates, and show values used in many financial reports, including year-to-date, variance-to-target, percentage-of-total, and running totals reports. Accessibly written, this book offers readers a practical, real-world scenario and can be used as a day-to-day reference. Though the guide focuses on Power Pivot for Excel 2010, a chapter that discusses Power View?compatible with Excel 2013? and Power BI is also included. 606 $aDashboards (Management information systems)$xDesign 615 0$aDashboards (Management information systems)$xDesign. 676 $a658.4038011 700 $ade Jonge$b Kasper$01659892 702 $aCollie$b Jocelyn 702 $aLiwam$b Nellie J. 801 0$bMiAaPQ 801 1$bMiAaPQ 801 2$bMiAaPQ 906 $aBOOK 912 $a9910822220103321 996 $aDashboarding and reporting with Power Pivot and Excel$94014781 997 $aUNINA